| 000 | 00384nam a2200121Ia 4500 | ||
|---|---|---|---|
| 005 | 20251028132338.0 | ||
| 008 | 251020t2011||||xx |||||||||||||| ||spa|| | ||
| 041 | _aspa | ||
| 100 | _aSieckmann, Jan - R. (ed.) | ||
| 245 | 0 | _aLa teoría principalista de los derechos fundamentales : estudios sobre la teoría de los derechos fundamentales de Robert Alexy | |
| 260 | _c2011 | ||
| 942 |
_CLB _cLB |
||
| 999 |
_c732 _d732 |
||